Statistics for Biggest Cities On Danube

Click here to take the quiz!

General Stats

  • This quiz has been taken 49 times
  • The average score is 8 of 13

Answer Stats

PopulationCountryCity% Correct
1.9 mil.AustriaVienna
100%
1.7 mil.HungaryBudapest
100%
1.1 mil.SerbiaBelgrade
100%
429 kSlovakiaBratislava
100%
198 kAustriaLinz
83%
250 kSerbiaNovi Sad
68%
130 kHungaryGyőr
54%
145 kGermanyRegensburg
49%
122 kGermanyUlm
49%
149 kBulgariaRuse
41%
132 kGermanyIngolstadt
37%
249 kRomaniaGalați
27%
180 kRomaniaBrăila
24%

Score Distribution

Percentile by Number Answered

Percent of People with Each Score

Your Score History

You have not taken this quiz